[Event "Wch U20 Girls 31st"]
[Site "Kocaeli"]
[Date "2013.09.21"]
[Round "8"]
[White "Gevorgyan, Maria"]
[Black "Nguyen Thi Mai, Hung"]
[Result "1-0"]
[WhiteElo "2143"]
[BlackElo "2222"]
[PlyCount "107"]
[EventDate "2013.09.13"]
[EventType "swiss"]
[EventRounds "13"]
[EventCountry "TUR"]
[SourceTitle "CBM 156 Extra"]
[Source "ChessBase"]
[SourceDate "2013.10.22"]
[SourceVersion "1"]
[SourceVersionDate "2013.10.22"]
[SourceQuality "1"]

1. e4 c5 2. Nf3 g6 3. d4 cxd4 4. Qxd4 Nf6 5. e5 Nc6 6. Qf4 Nd5 7. Qe4 Nc7 8. Nc3 Bg7 9. Bf4 Ne6 10. Bg3 Qa5 11. 0-0-0 0-0 12. Bc4 Rb8 13. Kb1 Nc5 14. Qe3 e6 15. Bb5 Qb6 16. Rd6 a6 17. Be2 Qa5 18. Nd2 Na4 19. Nxa4 Qxa4 20. Nb3 b5 21. Rhd1 Nb4 22. a3 Nc6 23. Bf3 b4 24. Bxc6 dxc6 25. Rd8 bxa3 26. Qc5 Qb5 27. Rxf8+ Bxf8 28. Rd8 Qxc5 29. Nxc5 Kg7 30. Ne4 Rxb2+ 31. Ka1 Bb7 32. Bh4 c5 33. Bf6+ Kh6 34. Ng5 Bxg2 35. Rxf8 Kh5 36. Rxf7 Bd5 37. Rxh7+ Kg4 38. Rh3 Ra2+ 39. Kb1 Rb2+ 40. Kc1 Ra2 41. Rg3+ Kf5 42. Kd2 Ra1 43. Nh3 Rf1 44. Rxa3 Rh1 45. Rg3 c4 46. f3 Bxf3 47. Rxf3+ Ke4 48. Ng5+ Kd5 49. h3 Ra1 50. Kc3 a5 51. Kb2 Ra4 52. Ra3 Rb4+ 53. Kc3 Rb5 54. Ra1 1-0

[Event "Wch U20 Girls 31st"]
[Site "Kocaeli"]
[Date "2013.09.17"]
[Round "5"]
[White "Nguyen Thi Mai, Hung"]
[Black "Kurbonboeva, Sarvinoz"]
[Result "1/2-1/2"]
[WhiteElo "2222"]
[BlackElo "2120"]
[PlyCount "76"]
[EventDate "2013.09.13"]
[EventType "swiss"]
[EventRounds "13"]
[EventCountry "TUR"]
[SourceTitle "CBM 156 Extra"]
[Source "ChessBase"]
[SourceDate "2013.10.22"]
[SourceVersion "1"]
[SourceVersionDate "2013.10.22"]
[SourceQuality "1"]

1. d4 Nf6 2. Nf3 g6 3. Bg5 Bg7 4. Nbd2 d6 5. e4 c5 6. dxc5 dxc5 7. c3 0-0 8. Bc4 Nc6 9. Qe2 Ng4 10. 0-0 Qc7 11. Rad1 b6 12. h3 Nge5 13. Nxe5 Nxe5 14. Bd5 Bb7 15. f4 Nc6 16. a4 Rad8 17. Ba2 Qc8 18. Bc4 Kh8 19. Bh4 f6 20. Nf3 Na5 21. Bd3 Rxd3 22. Rxd3 Ba6 23. Rfd1 Nc6 24. Qc2 Bxd3 25. Rxd3 Rd8 26. Rd5 Bh6 27. f5 gxf5 28. Rxd8+ Qxd8 29. exf5 Qd5 30. c4 Nd4 31. Nxd4 Qxd4+ 32. Bf2 Be3 33. Bxe3 Qxe3+ 34. Kh2 Qe5+ 35. Kh1 Qe1+ 36. Kh2 Qe5+ 37. g3 Kg7 38. b3 Qe3 1/2-1/2

[Event "Budapest FS08 IM"]
[Site "Budapest"]
[Date "2013.08.10"]
[Round "8"]
[White "Nguyen Thi Mai, Hung"]
[Black "Korley, Kassa"]
[Result "0-1"]
[WhiteElo "2225"]
[BlackElo "2277"]
[PlyCount "204"]
[EventDate "2013.08.03"]
[EventType "tourn"]
[EventRounds "11"]
[EventCountry "HUN"]
[EventCategory "1"]
[SourceTitle "CBM 155 Extra"]
[Source "ChessBase"]
[SourceDate "2013.08.26"]
[SourceVersion "1"]
[SourceVersionDate "2013.08.26"]
[SourceQuality "1"]

1. d4 Nf6 2. Bf4 c5 3. e3 Nd5 4. Bxb8 Rxb8 5. dxc5 e6 6. c4 Nf6 7. Nc3 Bxc5 8. Nf3 0-0 9. Bd3 b6 10. 0-0 Bb7 11. a3 d5 12. Qe2 Ne4 13. Rac1 Qf6 14. cxd5 Nxc3 15. Rxc3 Bxd5 16. e4 Ba8 17. Rfc1 a5 18. Rc4 Rfd8 19. b4 axb4 20. axb4 Bf8 21. b5 Bc5 22. e5 Bxf3 23. exf6 Bxe2 24. Bxe2 gxf6 25. R1c2 f5 26. g3 Kg7 27. Ra4 Rd7 28. Kg2 Rbd8 29. Bf3 Rd2 30. Raa2 Rxc2 31. Rxc2 e5 32. Ra2 e4 33. Be2 Rd7 34. Kf1 Kf6 35. Ra8 f4 36. gxf4 Kf5 37. Rg8 Kxf4 38. Rg7 Ra7 39. Kg2 Kf5 40. Bc4 Kf6 41. Rg4 Re7 42. Rf4+ Kg6 43. Rg4+ Kf5 44. Rg7 Kf6 45. Rxh7 Kg6 46. Rh8 f5 47. h4 f4 48. f3 e3 49. Kf1 Rd7 50. Be2 Ra7 51. Re8 Kf6 52. Re4 Bd6 53. Rd4 Ke5 54. Re4+ Kd5 55. Kg2 Ra2 56. Kf1 Ra1+ 57. Kg2 Be5 58. h5 Ra2 59. Kf1 Ra8 60. Bc4+ Kd6 61. Bf7 Ra7 62. Bg6 Ra1+ 63. Kg2 Ra2+ 64. Kh3 Rf2 65. Kg4 Ke6 66. h6 Rg2+ 67. Kh5 Kf6 68. h7 Rh2+ 69. Kg4 Bc3 70. Bf5 Kg7 71. Kxf4 e2 72. Kg3 Rh5 73. Rxe2 Rxf5 74. Re7+ Kh8 75. Kg4 Rxb5 76. f4 Rc5 77. Rb7 Rc6 78. f5 Bg7 79. Kg5 Kxh7 80. Kh5 Kg8 81. Kg5 Bf6+ 82. Kh5 Kf8 83. Kg4 Be7 84. Kf4 Kf7 85. Ke5 Rc5+ 86. Kd4 Rxf5 87. Kc4 Rc5+ 88. Kd4 Rb5 89. Kc4 Rb1 90. Rb8 Ke6 91. Kc3 Bc5 92. Kc4 Rb4+ 93. Kc3 Rh4 94. Kb3 Kd5 95. Rd8+ Kc6 96. Rd3 Kb5 97. Rf3 Re4 98. Rf5 Re3+ 99. Kc2 Kc4 100. Rh5 Re2+ 101. Kb1 Bd4 102. Rh3 Bc3 0-1

[Event "Asian Continental op (Women) 12th"]
[Site "Manila"]
[Date "2013.05.21"]
[Round "4"]
[White "Nguyen Thi Mai, Hung"]
[Black "Muminova, Nafisa"]
[Result "0-1"]
[WhiteElo "2284"]
[BlackElo "2307"]
[PlyCount "136"]
[EventDate "2013.05.18"]
[EventType "swiss"]
[EventRounds "9"]
[EventCountry "PHI"]
[SourceTitle "CBM 154 Extra"]
[Source "ChessBase"]
[SourceDate "2013.06.25"]
[SourceVersion "2"]
[SourceVersionDate "2013.06.25"]
[SourceQuality "1"]

1. d4 Nf6 2. Nf3 d5 3. Bf4 c5 4. e3 Nc6 5. c3 Qb6 6. Qc1 Bf5 7. Nbd2 h6 8. h3 e6 9. Be2 Be7 10. 0-0 0-0 11. dxc5 Bxc5 12. b4 Be7 13. a3 Rfc8 14. c4 a6 15. Ra2 Nd7 16. Bg3 Bf6 17. Qd1 a5 18. cxd5 exd5 19. b5 Ne7 20. a4 Nc5 21. Nd4 Bg6 22. Bg4 Re8 23. Ra1 Bd3 24. Re1 Ng6 25. N2f3 Bc4 26. Bf5 Ne4 27. Bxg6 fxg6 28. Bh2 Nc5 29. Qd2 Ne4 30. Qc2 Rac8 31. Rec1 Kh7 32. Qd1 Nc5 33. Ra3 Qd8 34. Bg3 Qe7 35. Raa1 Ne4 36. Bf4 Rf8 37. Bh2 Rf7 38. Qe1 Rcf8 39. Rc2 Bxd4 40. exd4 Rxf3 41. gxf3 Rxf3 42. Kg2 Qf6 43. Bg3 Qf5 44. Rb2 Bd3 45. h4 Qg4 46. Kh2 g5 47. hxg5 Nxg5 48. Qd1 Qh3+ 49. Kg1 Rxg3+ 50. fxg3 Qxg3+ 51. Rg2 Nf3+ 52. Qxf3 Qxf3 53. Raa2 Be4 54. Rge2 h5 55. Rh2 Qd1+ 56. Kf2 Qxd4+ 57. Kf1 Qd1+ 58. Kf2 g5 59. Re2 h4 60. b6 Kg6 61. Rh3 Qd4+ 62. Ke1 Qxb6 63. Rhe3 Qb4+ 64. Kf2 Qxa4 65. Kg1 g4 66. Kh2 Qa1 67. Re1 Qe5+ 68. Kg1 h3 0-1

[Event "Asian Continental op (Women) 12th"]
[Site "Manila"]
[Date "2013.05.19"]
[Round "2"]
[White "Nguyen Thi Mai, Hung"]
[Black "Guo, Qi"]
[Result "0-1"]
[WhiteElo "2284"]
[BlackElo "2439"]
[PlyCount "80"]
[EventDate "2013.05.18"]
[EventType "swiss"]
[EventRounds "9"]
[EventCountry "PHI"]
[SourceTitle "CBM 154 Extra"]
[Source "ChessBase"]
[SourceDate "2013.06.25"]
[SourceVersion "2"]
[SourceVersionDate "2013.06.25"]
[SourceQuality "1"]

1. d4 d5 2. Nf3 Nf6 3. e3 c5 4. dxc5 e6 5. b4 a5 6. c3 axb4 7. cxb4 b6 8. Qc2 bxc5 9. bxc5 Qa5+ 10. Bd2 Qxc5 11. Qxc5 Bxc5 12. Nc3 Nbd7 13. Bb5 Ba6 14. a4 Ke7 15. Ke2 Rhb8 16. Rhb1 Ne4 17. Be1 Nxc3+ 18. Bxc3 Bxb5+ 19. axb5 Rxa1 20. Bxa1 f6 21. Ne1 e5 22. h3 Kd6 23. Nd3 Nb6 24. Bc3 Nc4 25. Rb3 Ra8 26. Nb2 Ra2 27. Ke1 Nxb2 28. Bxb2 Kc7 29. Bc3 Kb6 30. Bd2 h5 31. Ke2 h4 32. Rb1 d4 33. Rb3 e4 34. Rb1 f5 35. Ke1 d3 36. Bc3 f4 37. Bd2 g5 38. Kd1 g4 39. exf4 gxh3 40. gxh3 Bxf2 0-1

[Event "VIE-ch (Women)"]
[Site "Ho Chi Minh City"]
[Date "2013.04.19"]
[Round "7"]
[White "Nguyen Thi Mai, Hung"]
[Black "Hoang, Thi Bao Tram"]
[Result "1/2-1/2"]
[WhiteElo "2257"]
[BlackElo "2317"]
[PlyCount "60"]
[EventDate "2013.04.15"]
[EventType "swiss"]
[EventRounds "7"]
[EventCountry "VIE"]
[SourceTitle "CBM 154 Extra"]
[Source "ChessBase"]
[SourceDate "2013.06.25"]
[SourceVersion "2"]
[SourceVersionDate "2013.06.25"]
[SourceQuality "1"]

1. d4 d5 2. Nf3 Nf6 3. Bf4 c6 4. c4 a6 5. cxd5 cxd5 6. Nc3 Nc6 7. e3 Bg4 8. h3 Bxf3 9. Qxf3 e6 10. Bd3 Bd6 11. Bg5 h6 12. Bh4 Nb4 13. Bb1 Rc8 14. a3 Nc6 15. 0-0 Be7 16. Bd3 0-0 17. Rac1 Nd7 18. Bg3 Bh4 19. Bxh4 Qxh4 20. Rfd1 Qf6 21. Qxf6 Nxf6 22. Na4 Ne7 23. Nb6 Rc6 24. Rxc6 Nxc6 25. Rc1 Rd8 26. Na4 Nd7 27. Nc5 Nxc5 28. Rxc5 Rc8 29. Kf1 Ne7 30. Rxc8+ Nxc8 1/2-1/2

[Event "VIE-ch (Women)"]
[Site "Ho Chi Minh City"]
[Date "2013.04.17"]
[Round "4"]
[White "Nguyen Thi Mai, Hung"]
[Black "Pham, Le Thao Nguyen"]
[Result "1/2-1/2"]
[WhiteElo "2257"]
[BlackElo "2421"]
[PlyCount "66"]
[EventDate "2013.04.15"]
[EventType "swiss"]
[EventRounds "7"]
[EventCountry "VIE"]
[SourceTitle "CBM 154 Extra"]
[Source "ChessBase"]
[SourceDate "2013.06.25"]
[SourceVersion "2"]
[SourceVersionDate "2013.06.25"]
[SourceQuality "1"]

1. d4 d5 2. c4 c6 3. cxd5 cxd5 4. Nc3 Nc6 5. Nf3 Nf6 6. Bf4 Bf5 7. e3 e6 8. Bd3 Bxd3 9. Qxd3 Be7 10. h3 0-0 11. 0-0 Nd7 12. Rac1 a6 13. a3 Nb6 14. Nd2 Na5 15. Ne2 Nbc4 16. Rc2 Nxd2 17. Qxd2 Nc4 18. Qc1 b5 19. Nc3 Qd7 20. Nb1 Rac8 21. Rd1 Nb6 22. Rd3 b4 23. axb4 Bxb4 24. Nc3 a5 25. b3 h6 26. Qb2 Qe7 27. Rd1 Bxc3 28. Rxc3 Qb4 29. Rxc8 Rxc8 30. Qa2 a4 31. bxa4 Nxa4 32. Rb1 Qc4 33. Qxc4 Rxc4 1/2-1/2

[Event "Asia-ch U20 Girls"]
[Site "Sharjah"]
[Date "2013.04.06"]
[Round "6"]
[White "Ivana Maria, Furtado"]
[Black "Nguyen Thi Mai, Hung"]
[Result "1/2-1/2"]
[WhiteElo "2065"]
[BlackElo "2271"]
[PlyCount "59"]
[EventDate "2013.03.30"]
[EventType "swiss"]
[EventRounds "9"]
[EventCountry "UAE"]
[SourceTitle "CBM 153 Extra"]
[Source "ChessBase"]
[SourceDate "2013.04.22"]
[SourceVersion "1"]
[SourceVersionDate "2013.04.22"]
[SourceQuality "1"]

1. d4 d5 2. Nf3 e6 3. c4 c6 4. e3 Nf6 5. Nc3 Bd6 6. Bd3 0-0 7. 0-0 Nbd7 8. e4 dxc4 9. Bxc4 e5 10. Bg5 h6 11. Bh4 Qe7 12. Bb3 Rd8 13. d5 Nf8 14. Qe2 Ng6 15. Bxf6 Qxf6 16. dxc6 bxc6 17. Qc4 Nf4 18. Qxc6 Bh3 19. Nd5 Qg6 20. Nxf4 exf4 21. Nh4 Qg4 22. f3 Qxh4 23. gxh3 Rac8 24. Qb5 Qxh3 25. Kh1 Bc5 26. Qe2 Be3 27. Rfd1 g5 28. Qg2 Qh4 29. Rd5 Kg7 30. Rad1 1/2-1/2

[Event "Asia-ch U20 Girls"]
[Site "Sharjah"]
[Date "2013.03.30"]
[Round "1"]
[White "Nguyen Thi Mai, Hung"]
[Black "Al Zarouni, Aisha"]
[Result "1-0"]
[WhiteElo "2271"]
[BlackElo "1699"]
[PlyCount "63"]
[EventDate "2013.03.30"]
[EventType "swiss"]
[EventRounds "9"]
[EventCountry "UAE"]
[SourceTitle "CBM 153 Extra"]
[Source "ChessBase"]
[SourceDate "2013.04.22"]
[SourceVersion "1"]
[SourceVersionDate "2013.04.22"]
[SourceQuality "1"]

1. d4 d5 2. Nf3 Nf6 3. Bf4 Bf5 4. c4 e6 5. Qb3 Qc8 6. e3 c6 7. Nc3 Be7 8. h3 Nbd7 9. cxd5 exd5 10. Rc1 Ne4 11. Nxd5 Bd6 12. Bd3 Bxf4 13. Nxf4 Nb6 14. g4 Bxg4 15. hxg4 Nd6 16. Ne5 Qc7 17. Qa3 a6 18. Nh5 f6 19. Nxg7+ Qxg7 20. Qxd6 fxe5 21. Rh6 Nd5 22. Rxc6 bxc6 23. Qxc6+ Ke7 24. Re6+ Kf7 25. Qb7+ Kxe6 26. Qxg7 exd4 27. Bc4 Kd6 28. Qxd4 Ke7 29. Bxd5 Rad8 30. Qe5+ Kd7 31. Qe6+ Kc7 32. Qc6+ 1-0

[Event "Ho Chi Minh City HD Bank op 3rd"]
[Site "Ho Chi Minh City"]
[Date "2013.03.24"]
[Round "9"]
[White "Myo, Naing"]
[Black "Nguyen Thi Mai, Hung"]
[Result "1/2-1/2"]
[WhiteElo "2299"]
[BlackElo "2271"]
[PlyCount "65"]
[EventDate "2013.03.19"]
[EventType "swiss"]
[EventRounds "9"]
[EventCountry "VIE"]
[SourceTitle "CBM 153 Extra"]
[Source "ChessBase"]
[SourceDate "2013.04.22"]
[SourceVersion "1"]
[SourceVersionDate "2013.04.22"]
[SourceQuality "1"]

1. e4 c5 2. Nf3 g6 3. d4 cxd4 4. Nxd4 Nc6 5. Nc3 Bg7 6. Be3 Nf6 7. Bc4 0-0 8. Bb3 a5 9. a3 d6 10. h3 a4 11. Ba2 Qb6 12. Ndb5 Qa5 13. f3 Bd7 14. 0-0 Rfc8 15. Qe2 Nd8 16. g4 Ne6 17. Rad1 Ne8 18. Bc1 Rc5 19. Bc4 Rac8 20. Bd3 Bxb5 21. Nxb5 Rxb5 22. Bxb5 Nd4 23. Rxd4 Bxd4+ 24. Kh1 Nc7 25. Bd3 Ne6 26. c3 Bg7 27. f4 Nc5 28. Bc2 Qc7 29. Kg2 Qc6 30. Qf3 Rf8 31. Rd1 Rc8 32. Rf1 Rf8 33. Rd1 1/2-1/2

[Event "Ho Chi Minh City HD Bank op 3rd"]
[Site "Ho Chi Minh City"]
[Date "2013.03.19"]
[Round "2"]
[White "Nguyen Thi Mai, Hung"]
[Black "Yuan, Ye"]
[Result "0-1"]
[WhiteElo "2271"]
[BlackElo "2014"]
[PlyCount "116"]
[EventDate "2013.03.19"]
[EventType "swiss"]
[EventRounds "9"]
[EventCountry "VIE"]
[SourceTitle "CBM 153 Extra"]
[Source "ChessBase"]
[SourceDate "2013.04.22"]
[SourceVersion "1"]
[SourceVersionDate "2013.04.22"]
[SourceQuality "1"]

1. d4 Nf6 2. Nf3 e6 3. e3 b6 4. Bd3 Bb7 5. 0-0 Be7 6. b3 0-0 7. Bb2 d5 8. Nbd2 c5 9. Ne5 Nc6 10. a3 Qc7 11. f4 Nxe5 12. dxe5 Ne4 13. Qe2 Rac8 14. Bxe4 dxe4 15. f5 exf5 16. Rxf5 Qd7 17. Raf1 Rcd8 18. Bc3 Qe6 19. Kh1 Qg6 20. a4 Kh8 21. R5f4 h5 22. Rf5 h4 23. h3 Kg8 24. Nc4 Bc8 25. R5f4 Bg5 26. R4f2 Ba6 27. Rf5 Bc8 28. R5f2 Be7 29. Nd2 Bg5 30. Re1 Bb7 31. Qg4 Be7 32. Rxf7 Qxg4 33. Rxf8+ Rxf8 34. hxg4 Kf7 35. g3 Ke6 36. Kg2 hxg3 37. Kxg3 Bd8 38. Rh1 Bg5 39. Re1 Bd8 40. Nc4 Bc7 41. Rd1 Bd5 42. Nd6 Rf3+ 43. Kg2 Rxe3 44. Bd2 Re2+ 45. Kf1 Rh2 46. c4 Kxe5 47. Ne8 Be6 48. Nxc7 Rh1+ 49. Kf2 Rxd1 50. Bc3+ Kd6 51. Nb5+ Kd7 52. g5 a6 53. Na3 g6 54. Bf6 Rd3 55. Nb1 Rxb3 56. Nc3 Bxc4 57. a5 Bd3 58. Na4 e3+ 0-1

[Event "Ho Chi Minh City HD Bank op 3rd"]
[Site "Ho Chi Minh City"]
[Date "2013.03.19"]
[Round "1"]
[White "Papp, Gabor"]
[Black "Nguyen Thi Mai, Hung"]
[Result "1-0"]
[WhiteElo "2582"]
[BlackElo "2271"]
[PlyCount "79"]
[EventDate "2013.03.19"]
[EventType "swiss"]
[EventRounds "9"]
[EventCountry "VIE"]
[SourceTitle "CBM 153 Extra"]
[Source "ChessBase"]
[SourceDate "2013.04.22"]
[SourceVersion "1"]
[SourceVersionDate "2013.04.22"]
[SourceQuality "1"]

1. e4 c5 2. c3 g6 3. Nf3 Bg7 4. d4 cxd4 5. cxd4 d5 6. e5 Bg4 7. Bb5+ Nd7 8. Nbd2 f6 9. 0-0 fxe5 10. dxe5 a6 11. Be2 Bxf3 12. Nxf3 Nxe5 13. Ng5 Qd6 14. f4 Nc6 15. f5 Nd4 16. fxg6 hxg6 17. Bf4 Qb6 18. Qa4+ Nc6+ 19. Kh1 e5 20. Bg3 Qe3 21. Qg4 Nge7 22. Rae1 Bh6 23. Nf7 Rf8 24. Nd6+ Kd8 25. Rxf8+ Bxf8 26. Bf3 Qd2 27. Nf7+ Kc7 28. Nxe5 Nxe5 29. Bxe5+ Kb6 30. Bd4+ Kc7 31. Rd1 Qc2 32. Qf4+ Kd7 33. Rc1 Qa4 34. Bg4+ Ke8 35. Be6 Nf5 36. Bxf5 gxf5 37. Re1+ Kd7 38. Qxf5+ Kc7 39. Rc1+ Kd6 40. Bc5+ 1-0

[Event "Asia zt 3.3 (Women)"]
[Site "Tagaytay City"]
[Date "2013.01.29"]
[Round "9"]
[White "Nguyen Thi Mai, Hung"]
[Black "Aulia, Medina Warda"]
[Result "0-1"]
[WhiteElo "2272"]
[BlackElo "2309"]
[PlyCount "66"]
[EventDate "2013.01.22"]
[EventType "swiss"]
[EventRounds "9"]
[EventCountry "PHI"]
[SourceTitle "CBM 152 Extra"]
[Source "ChessBase"]
[SourceDate "2013.02.25"]
[SourceVersion "1"]
[SourceVersionDate "2013.02.25"]
[SourceQuality "1"]

1. d4 d5 2. Bf4 e6 3. e3 Nf6 4. Nd2 Bd6 5. Bg3 Bxg3 6. hxg3 Nbd7 7. Ngf3 Qe7 8. c4 c6 9. Qc2 h6 10. Be2 e5 11. cxd5 Nxd5 12. a3 N5f6 13. Nc4 exd4 14. Nxd4 Nc5 15. 0-0 0-0 16. Bf3 Nce4 17. Rfd1 c5 18. Nb5 Bf5 19. Qe2 Rfd8 20. Rxd8+ Rxd8 21. Rd1 a6 22. Nc3 Nxc3 23. bxc3 b5 24. Na5 Rxd1+ 25. Qxd1 c4 26. Qa1 Be4 27. a4 Qe5 28. axb5 axb5 29. Qa3 Qd5 30. Qb4 h5 31. Qb2 g5 32. Bxe4 Qd1+ 33. Kh2 Ng4+ 0-1

[Event "Asia zt 3.3 (Women)"]
[Site "Tagaytay City"]
[Date "2013.01.24"]
[Round "3"]
[White "Nguyen, Thi Thanh An"]
[Black "Nguyen Thi Mai, Hung"]
[Result "1-0"]
[WhiteElo "2279"]
[BlackElo "2272"]
[PlyCount "81"]
[EventDate "2013.01.22"]
[EventType "swiss"]
[EventRounds "9"]
[EventCountry "PHI"]
[SourceTitle "CBM 152 Extra"]
[Source "ChessBase"]
[SourceDate "2013.02.25"]
[SourceVersion "1"]
[SourceVersionDate "2013.02.25"]
[SourceQuality "1"]

1. d4 d5 2. c4 c6 3. Nf3 Nf6 4. Qc2 e6 5. Bg5 h6 6. Bh4 Nbd7 7. e3 Be7 8. Nc3 0-0 9. a3 b6 10. cxd5 cxd5 11. Bd3 Bb7 12. 0-0 Rc8 13. Nd2 e5 14. dxe5 Nxe5 15. Bf5 Rc7 16. Bg3 Bd6 17. Qb3 Neg4 18. Nf3 Bxg3 19. hxg3 g6 20. Bxg4 Nxg4 21. Rfd1 Qf6 22. Rd4 h5 23. Rad1 Rfc8 24. Rf4 Qg7 25. Nh2 Nxh2 26. Kxh2 Qe5 27. Nb5 Rc2 28. Nc3 R2xc3 29. bxc3 Rxc3 30. Qa4 a6 31. Qd7 Rc7 32. Qd8+ Kg7 33. a4 b5 34. axb5 axb5 35. Rb1 Ba6 36. Rd4 Rc2 37. Rxd5 Qe4 38. Rd4 Qc6 39. Rd6 Qc3 40. Rxa6 Rd2 41. Rc6 1-0

[Event "Asia zt 3.3 (Women)"]
[Site "Tagaytay City"]
[Date "2013.01.23"]
[Round "2"]
[White "Nguyen Thi Mai, Hung"]
[Black "Sihite, Chelsie Monica"]
[Result "1-0"]
[WhiteElo "2272"]
[BlackElo "2264"]
[PlyCount "105"]
[EventDate "2013.01.22"]
[EventType "swiss"]
[EventRounds "9"]
[EventCountry "PHI"]
[SourceTitle "CBM 152 Extra"]
[Source "ChessBase"]
[SourceDate "2013.02.25"]
[SourceVersion "1"]
[SourceVersionDate "2013.02.25"]
[SourceQuality "1"]

1. d4 Nf6 2. Nf3 e6 3. e3 b6 4. Bd3 Bb7 5. 0-0 c5 6. Nbd2 d6 7. c3 Nbd7 8. Qe2 e5 9. dxe5 dxe5 10. e4 Qc7 11. Re1 g6 12. a4 a6 13. Nc4 Bg7 14. b3 0-0 15. Bb2 Rae8 16. Rad1 Nh5 17. Bb1 Nf4 18. Qd2 Bc6 19. Bc1 b5 20. axb5 axb5 21. Qd6 Qxd6 22. Nxd6 Ra8 23. g3 Ne6 24. Bd3 Rfb8 25. Ng5 Nxg5 26. Bxg5 Bf8 27. Bf1 h6 28. Be3 Ra3 29. Bh3 Rxb3 30. Nxf7 Kxf7 31. Bxd7 Bxd7 32. Rxd7+ Ke6 33. Red1 Rb1 34. Rxb1 Kxd7 35. Kf1 Kc6 36. Ra1 b4 37. cxb4 cxb4 38. Ke2 Kb5 39. Kd3 Rc8 40. f3 Bc5 41. Bxc5 Rxc5 42. f4 b3 43. fxe5 Kb4 44. Ra6 b2 45. Rb6+ Ka3 46. e6 Rc7 47. Kd4 Ra7 48. Kd5 Ra5+ 49. Kd6 Ra4 50. e7 Rxe4 51. Kd7 Rd4+ 52. Ke6 Re4+ 53. Kf7 1-0

[Event "Olympiad Women-40"]
[Site "Istanbul"]
[Date "2012.09.07"]
[Round "10.2"]
[White "Nguyen Thi Mai, Hung"]
[Black "Javakhishvili, Lela"]
[Result "1-0"]
[WhiteElo "2212"]
[BlackElo "2458"]
[PlyCount "103"]
[EventDate "2012.08.28"]
[EventType "team-swiss"]
[EventRounds "11"]
[EventCountry "TUR"]
[SourceTitle "CBM 150 Extra"]
[Source "ChessBase"]
[SourceDate "2012.10.19"]
[SourceVersion "1"]
[SourceVersionDate "2012.10.19"]
[SourceQuality "1"]
[WhiteTeam "Vietnam (W)"]
[BlackTeam "Georgia (W)"]
[WhiteTeamCountry "VIE"]
[BlackTeamCountry "GEO"]

1. d4 Nf6 2. Bf4 g6 3. e3 Bg7 4. Nf3 d6 5. Be2 0-0 6. 0-0 Nc6 7. h3 Re8 8. Bh2 Bf5 9. c3 e5 10. Nbd2 Qe7 11. dxe5 dxe5 12. Qb3 Rab8 13. a4 Nd7 14. e4 Be6 15. Qc2 a5 16. Rfd1 Nb6 17. Bb5 f6 18. Nb3 Ra8 19. Bg3 Bf8 20. Nfd2 Qf7 21. f3 Nd7 22. Bf2 Kh8 23. Qd3 Nd8 24. Qe2 c6 25. Bc4 f5 26. Qf1 Qf6 27. Bxe6 Nxe6 28. Nxa5 Ndc5 29. b4 fxe4 30. Nxe4 Nxe4 31. fxe4 c5 32. Be1 Qe7 33. Nc4 cxb4 34. cxb4 Nd4 35. Nb6 Ra6 36. Nd5 Qd8 37. Qf7 Rd6 38. Kh1 b6 39. Rac1 Rxd5 40. Qxd5 Qf6 41. Qc4 Bh6 42. Rb1 Be3 43. Qd3 Qf4 44. Bh4 Nf3 45. g3 Qh6 46. Bf6+ Kg8 47. Kg2 Nd4 48. Qc4+ Ne6 49. Rd8 Qf8 50. Rf1 Qf7 51. Rxe8+ Qxe8 52. Bxe5 1-0

[Event "Olympiad Women-40"]
[Site "Istanbul"]
[Date "2012.09.01"]
[Round "5.2"]
[White "Krush, Irina"]
[Black "Nguyen Thi Mai, Hung"]
[Result "1-0"]
[WhiteElo "2467"]
[BlackElo "2212"]
[PlyCount "103"]
[EventDate "2012.08.28"]
[EventType "team-swiss"]
[EventRounds "11"]
[EventCountry "TUR"]
[SourceTitle "CBM 150 Extra"]
[Source "ChessBase"]
[SourceDate "2012.10.19"]
[SourceVersion "1"]
[SourceVersionDate "2012.10.19"]
[SourceQuality "1"]
[WhiteTeam "United States (W)"]
[BlackTeam "Vietnam (W)"]
[WhiteTeamCountry "USA"]
[BlackTeamCountry "VIE"]

1. c4 c6 2. e4 d5 3. exd5 cxd5 4. d4 Nf6 5. Nc3 e6 6. Nf3 Nc6 7. c5 Be7 8. Bb5 0-0 9. 0-0 Bd7 10. Re1 a6 11. Ba4 Qc7 12. a3 Rad8 13. b4 Rfe8 14. Bc2 Bc8 15. Qd3 g6 16. h3 Nh5 17. Ba4 Bf8 18. Qd1 Bd7 19. Bg5 Ra8 20. Qd2 f6 21. Be3 f5 22. Bh6 Be7 23. Bb3 Nf6 24. Ng5 Nd8 25. Re2 Bf8 26. Bxf8 Rxf8 27. Rae1 Ne4 28. Ngxe4 fxe4 29. Bxd5 exd5 30. Nxd5 Qb8 31. Rxe4 Nc6 32. Nb6 Bf5 33. R4e2 Qc7 34. Nxa8 Rxa8 35. d5 Rd8 36. Qh6 Qg7 37. Re8+ Rxe8 38. Rxe8+ Kf7 39. Qxg7+ Kxg7 40. dxc6 bxc6 41. Re7+ Kg8 42. Ra7 Bd3 43. f4 Bc4 44. Kf2 Bb5 45. Ke3 Bf1 46. g3 Bb5 47. Kd4 h5 48. Ke5 Kh8 49. Kd6 Kg8 50. a4 Bxa4 51. Rxa6 Bb5 52. Rxc6 1-0

[Event "ASEAN-ch U20 Girls 13th"]
[Site "Hue"]
[Date "2012.06.14"]
[Round "4"]
[White "Hoang, Thi Nhu Y"]
[Black "Nguyen Thi Mai, Hung"]
[Result "1-0"]
[WhiteElo "2238"]
[BlackElo "2237"]
[PlyCount "100"]
[EventDate "2012.06.11"]
[EventType "swiss"]
[EventRounds "9"]
[EventCountry "VIE"]
[SourceTitle "CBM 149 Extra"]
[Source "ChessBase"]
[SourceDate "2012.08.24"]
[SourceVersion "1"]
[SourceVersionDate "2012.08.24"]
[SourceQuality "1"]

1. d4 d5 2. c4 c6 3. Nf3 Nf6 4. Qc2 e6 5. Bg5 Nbd7 6. cxd5 exd5 7. Nc3 Be7 8. e3 0-0 9. Bd3 Re8 10. 0-0 Nf8 11. Rab1 Ne4 12. Bxe7 Qxe7 13. Rfc1 Ng6 14. b4 a6 15. Na4 Bg4 16. Ne1 Bh5 17. Be2 Qg5 18. Bxh5 Qxh5 19. Nc5 Re7 20. a4 Nd6 21. Nb3 Nh4 22. Nd2 Rae8 23. Nf1 Qg5 24. Ng3 Re6 25. Nd3 Rh6 26. Ne5 Qe7 27. Qc5 Qe6 28. Qc2 f6 29. Nd3 g5 30. Re1 f5 31. f4 gxf4 32. exf4 Qc8 33. Rxe8+ Qxe8 34. Re1 Re6 35. Rxe6 Qxe6 36. Qe2 Qxe2 37. Nxe2 a5 38. bxa5 Nc4 39. a6 bxa6 40. Nb4 a5 41. Nxc6 Kf7 42. Kf2 Ke6 43. Ne5 Nb6 44. Nc3 Ng6 45. Kg3 Ne7 46. Kh4 Nec8 47. Nc6 Nd6 48. Nxa5 Ne4 49. Nb5 Nxa4 50. Nb3 Nd6 1-0

[Event "ASEAN-ch U20 Girls 13th"]
[Site "Hue"]
[Date "2012.06.13"]
[Round "3"]
[White "Nguyen Thi Mai, Hung"]
[Black "Chan, Wei Yi Victoria"]
[Result "1-0"]
[WhiteElo "2237"]
[BlackElo "1947"]
[PlyCount "105"]
[EventDate "2012.06.11"]
[EventType "swiss"]
[EventRounds "9"]
[EventCountry "VIE"]
[SourceTitle "CBM 149 Extra"]
[Source "ChessBase"]
[SourceDate "2012.08.24"]
[SourceVersion "1"]
[SourceVersionDate "2012.08.24"]
[SourceQuality "1"]

1. d4 Nf6 2. Bf4 g6 3. e3 Bg7 4. Nf3 0-0 5. Be2 d6 6. 0-0 Nfd7 7. h3 e5 8. Bg3 Nc6 9. c3 f5 10. dxe5 dxe5 11. Na3 h6 12. Bb5 Qf6 13. Nc4 f4 14. Bh2 Kh8 15. Ncd2 a6 16. Ne4 Qe6 17. Bd3 Nf6 18. Re1 Nxe4 19. Bxe4 Qf6 20. Qe2 g5 21. Nd2 Bf5 22. Bxf5 Qxf5 23. Rad1 Rad8 24. e4 Qg6 25. f3 Rg8 26. Nb3 Ne7 27. Kf1 h5 28. Bg1 Bh6 29. Rxd8 Rxd8 30. Rd1 Rxd1+ 31. Qxd1 Qe8 32. Nc5 Qb5+ 33. Qe2 Qc6 34. Qd3 b5 35. Qd8+ Ng8 36. Qd7 Qxd7 37. Nxd7 Bg7 38. Nb8 a5 39. Nc6 Nf6 40. Nxa5 g4 41. hxg4 hxg4 42. Nc6 Nh5 43. Na7 gxf3 44. gxf3 Nf6 45. Nxb5 Ne8 46. a4 Bf8 47. a5 c6 48. Na7 c5 49. Nb5 Nd6 50. Nxd6 Bxd6 51. a6 Bb8 52. Bxc5 Kg7 53. a7 1-0